Clubs de Championship - Statistiques

Statistiques générales
  • Ce quiz a été pris 43 fois
  • Le résultat moyen est 15 sur 24
Statistiques - réponses
Par images Réponse % Correct
Leicester City
100%
Southampton FC
83%
Bristol City
80%
Swansea City
80%
Watford FC
77%
Derby County
71%
Birmingham City
69%
Norwich City
69%
Coventry City
66%
Hull City
66%
Ipswich Town
66%
Sheffield United
66%
Queens Park Rangers
63%
Stoke City
63%
Middlesbrough FC
60%
Millwall FC
60%
Sheffield Wednesday
60%
West Bromwich Albion
60%
Portsmouth FC
51%
Blackburn Rovers
49%
Charlton Athletic
46%
Oxford United
37%
Wrexham AFC
31%
Preston North End
26%
Aucun quiz correspondant
Distribution des résultats
% des personnes avec chaque résultat
Percentile par nombre de réponses
Votre historique - résultats
Vous n’avez pas pris ce quiz